000 00828nam a2200229 i 4500
001 bg
245 0 0 _aMetaloznawstwo :
_bmateriały do ćwiczeń laboratoryjnych : praca zbiorowa /
_cpod red. Joanny Hucińskiej ; Politechnika Gdańska.
260 _aGdańsk :
_bWydaw. PG,
_c1995.
300 _a291 s. :
_bfot., rys., wykr. ;
_c24 cm.
504 _aBibliogr. s. 254-255, wykaz norm s. 256-257.
521 _aSkrypt przeznaczony dla studentów Wydz. Mechanicznego, Oceanotechniki i Okrętownictwa oraz Zarządzania i Ekonomii.
650 9 _aMetaloznawstwo
655 _aPodręczniki akademickie
700 1 _aHUCIŃSKA, Joanna.
_eRed.
020 _a8386537078
040 _cBPK
041 0 _apl
080 _a669.017/.018(075.8)
920 _a83-86537-07-8
942 _cKS
008 s pl f |000 0 pol
999 _c24853
_d24853
856 _uhttp://koha.tu.koszalin.pl/cgi-bin/koha/opac-detail.pl?biblionumber=24853
_yKatalog online BPK